Адаптация стандарта зарубежных ERP-систем к условиям современных российских предприятий; Известия Томского политехнического университета [Известия ТПУ]; Т. 309, № 1

গ্রন্থ-পঞ্জীর বিবরন
Parent link:Известия Томского политехнического университета [Известия ТПУ]/ Томский политехнический университет (ТПУ).— , 2000-
Т. 309, № 1.— 2006.— [С. 193-196]
প্রধান লেখক: Замятина О. М. Оксана Михайловна
অন্যান্য লেখক: Саночкина Н. Г., Озерова И. Г. Ирина Геннадьевна
সংক্ষিপ্ত:Заглавие с титульного листа
Электронная версия печатной публикации
Предложена и разработана методика эффективного внедрения зарубежных ERP (Enterprise's Recourse Planning)-систем на российских предприятиях. Для этого исследованы наиболее распространенные ERP-системы Axapta 3.0 и MFG/PRO, выявлены алгоритмы их функционирования. Также разработаны модели работы бизнес-процессов на примере предприятий г. Томска. Схемы функционирования ERP-систем и модели бизнес-процессов созданы с использованием единой методологии. На основании сравнения полученных моделей разработана методика внедрения зарубежных ERP-систем на российских предприятиях.
ভাষা:রুশ
প্রকাশিত: 2006
মালা:Социально-экономические и гуманитарные науки
বিষয়গুলি:
অনলাইন ব্যবহার করুন:http://www.lib.tpu.ru/fulltext/v/Bulletin_TPU/2006/v309/i1/45.pdf
বিন্যাস: বৈদ্যুতিক গ্রন্থের অধ্যায়
KOHA link:https://koha.lib.tpu.ru/cgi-bin/koha/opac-detail.pl?biblionumber=171124

MARC

LEADER 00000nla2a2200000 4500
001 171124
005 20231219122327.0
035 |a (RuTPU)RU\TPU\book\185580 
035 |a RU\TPU\book\185577 
090 |a 171124 
100 |a 20091201d2006 k y0rusy50 ca 
101 0 |a rus 
102 |a RU 
135 |a drnn ---uucaa 
181 0 |a i  
182 0 |a b 
200 1 |a Адаптация стандарта зарубежных ERP-систем к условиям современных российских предприятий  |f О. М. Замятина, Н. Г. Саночкина, И. Г. Озерова 
203 |a Текст  |c электронный 
215 |a 1 файл (150 Кб) 
225 1 |a Социально-экономические и гуманитарные науки 
300 |a Заглавие с титульного листа 
300 |a Электронная версия печатной публикации 
320 |a [Библиогр.: с. 189 (4 назв.)] 
330 |a Предложена и разработана методика эффективного внедрения зарубежных ERP (Enterprise's Recourse Planning)-систем на российских предприятиях. Для этого исследованы наиболее распространенные ERP-системы Axapta 3.0 и MFG/PRO, выявлены алгоритмы их функционирования. Также разработаны модели работы бизнес-процессов на примере предприятий г. Томска. Схемы функционирования ERP-систем и модели бизнес-процессов созданы с использованием единой методологии. На основании сравнения полученных моделей разработана методика внедрения зарубежных ERP-систем на российских предприятиях. 
337 |a Adobe Reader 
461 1 |0 (RuTPU)RU\TPU\book\176237  |t Известия Томского политехнического университета [Известия ТПУ]  |f Томский политехнический университет (ТПУ)  |d 2000- 
463 1 |0 (RuTPU)RU\TPU\book\185489  |t Т. 309, № 1  |v [С. 193-196]  |d 2006  |p 267 с. 
610 1 |a адаптация 
610 1 |a стандарты 
610 1 |a зарубежные системы 
610 1 |a российские предприятия 
610 1 |a эффективное внедрение 
610 1 |a алгоритмы 
610 1 |a функционирование 
610 1 |a бизнес-процессы 
610 1 |a методология 
610 1 |a труды учёных ТПУ 
610 1 |a электронный ресурс 
700 1 |a Замятина  |b О. М.  |c специалист в области информатики и вычислительной техники  |c доцент Томского политехнического университета, кандидат технических наук  |f 1978-  |g Оксана Михайловна  |3 (RuTPU)RU\TPU\pers\25543  |9 11473 
701 1 |a Саночкина  |b Н. Г. 
701 1 |a Озерова  |b И. Г.  |c доцент  |c кафедра автоматики и компьютерных систем Томского политехнического университета  |g Ирина Геннадьевна  |3 (RuTPU)RU\TPU\pers\25330  |4 070  |9 11312 
801 1 |a RU  |b 63413507  |c 20090623  |g PSBO 
801 2 |a RU  |b 63413507  |c 20211014  |g PSBO 
856 4 |u http://www.lib.tpu.ru/fulltext/v/Bulletin_TPU/2006/v309/i1/45.pdf 
942 |c CF